000 00561nam a22001817a 4500
999 _c5901
_d5901
003 OSt
005 20220707091650.0
008 220707b ||||| |||| 00| 0 eng d
020 _a0195730313
040 _cALUPE UNIVERSITY
050 _aPL8700
_b.B35 2003
100 _aBakhressa, Salim K.
245 _aKiswahili Sanifu :
_bMwongozo wa Mwalimu.
_cSalim K Bakhressa
260 _aPublished in Kenya
_bOxford University Press, East Africa Ltd.
_cc2003.
300 _avi, 146p. ;
_c21cm.
700 _aIslam, Islam k. , Waititu, Francis G.
942 _2lcc
_cBK
_nCM